Placez les nationalités sportives des joueurs de l'Olympique Lyonnais - Statistiques

Statistiques générales
  • Ce quiz a été pris 49 fois
  • Le résultat moyen est 6 sur 16
Réponses sur la Carte
Les réponses sont colorées sur une échelle allant du rouge au vert en fonction du pourcentage des utilisateurs qui les ont devinées à leur premier essai. Vous pouvez retrouver ces pourcentages ci-dessous.
 
Statistiques - réponses
Réponse % Correct
Tanner Tessmann
73%
Rémi Himbert
66%
Duje Caleta-Car
54%
Miralem Pjanic
54%
Jérémy Morel
49%
Dominik Greif
44%
Bertrand Traoré
41%
Hamza Rafia
41%
Noah Nartey
39%
Amin Sarr
34%
Tino Kadewere
34%
Paul Akouokou
24%
Warmed Omari
20%
Hamdan Al-Kamali
12%
Jordy Gaspar
10%
Lindsay Rose
10%
Aucun quiz correspondant
Distribution des résultats
% des personnes avec chaque résultat
Percentile par nombre de réponses
Votre historique - résultats
Vous n’avez pas pris ce quiz